| 000 | 00000nam 2200000zi 4500 |
| 001 | 9.876791 |
| 003 | CaOODSP |
| 005 | 20221107164812 |
| 006 | m o d f |
| 007 | cr cn||||||||| |
| 008 | 190722t19861986onca o f000 0 eng d |
| 020 | |z0662145968|q(print) |
| 040 | |aCaOODSP|beng|erda|cCaOODSP |
| 043 | |an-cn--- |
| 045 | |ax7x8 |
| 086 | 1 |aC2-91/1986E-PDF|zC2-91/1986E |
| 245 | 04|aThe electronics industry in Canada : |ban overview / |cprepared by Corporate Development (Electronic), Electronics and Aerospace Branch. |
| 264 | 1|aOttawa, Canada : |bDepartment of Regional Industrial Expansion, |c1986. |
| 264 | 4|c©1986 |
| 300 | |a1 online resource (17 pages) : |billustrations |
| 336 | |atext|btxt|2rdacontent |
| 337 | |acomputer|bc|2rdamedia |
| 338 | |aonline resource|bcr|2rdacarrier |
| 500 | |aIssued also in French under title: L'industrie de l'électronique au Canada : vue d'ensemble. |
| 500 | |aDigitized edition from print [produced by Innovation, Science and Economic Development Canada]. |
| 520 | |a"The pervasiveness of electronics in an increasing variety of end products indicates the rapid adoption of new technologies and the need for long-term development strategies for the electronics industry in Canada. Industry and government are working together toward this goal through a number of policies aimed at increased investment in Canada. The government is attempting to make the business climate more predictable for industry through long-term agreements with the major players, revised tax legislation and improved dialogue between the business community and government. This document represents a small introductory step in this process and provides details about the electronics industry in Canada, its subsectors, and the environment in which it operates"--Introduction, page 1. |
| 530 | |aIssued also in print format. |
| 692 | 07|2gccst|aElectronics industry |
| 710 | 1 |aCanada. |bDepartment of Regional Industrial Expansion. |
| 710 | 1 |aCanada. |bElectronics and Aerospace Branch. |
| 775 | 08|tL'industrie de l'électronique au Canada : |w(CaOODSP)9.876796 |
| 856 | 40|qPDF|s1.29 MB|uhttps://publications.gc.ca/collections/collection_2019/isde-ised/c2/C2-91-1986-eng.pdf |